01064 2200337 4500035002000000001002100020005001700041006001900058007000300077008004100080856005900121020001900180040002000199082001900219084001700238090001700255100002900272245014100301250001900442260004100461300003100502500001200533504003300545650002600578650003800604700001300642850001300655990001800668999002000686999002000706 a0010-0122005504INLIS00000000011656120190225150414.0a g 001 0 ta090219s2003 yoi g 001 0 ind  y http://opac.perpusnas.go.id/DetailOpac.aspx?id=410877 a 979-3289-18-X a JKPNPNA b ind042 [21]a 658.3  a 658.3 AMB m a 658.3 AMB m0 a Ambar Teguh Sulistiyani10a Manajemen sumber daya manusia : b konsep, teori dan pengembangan dalam konteks organisasi publik / c Ambar Teguh Sulistiyani, Rosidah a Ed. 1, cet. 1 a Yogyakarta : b Graha Ilmu, c 2003 a xiv, 257 hlm. ; c 23 cm. a Indeks a Bibliografi : hlm. 249- 251 4a Manajemen personalia 4a Sumber daya manusia x Manajemen0 a Rosidah a JKPNPNA a 1007/PN/2010 a 1679/DM/D/2003 a 1679/DM/D/2003